000 00739nam a22001817a 4500
003 OSt
005 20250828191029.0
008 240821b ||||| |||| 00| 0 eng d
040 _c0
082 _aDPer 364.05 5826 Summer-Fall 2021 v. 111 n. 3-4
100 _aManring, Teresa.
_eauthor.
_958795
245 _aMinding the gap in domestic violence legislation :
_bshould states adopt course of conduct laws? /
_cTeresa Manring.
260 _aEvanston ;
_bNorthwestern University Press ,
_cSummer 2021.
300 _aVolume 111, pages 773-803 :
_billustration ;
_c26 cm.
500 _aThe Journal of Criminal Law and Criminology, vol. 111, no. 3, pages 773-804, Summer 2021.
700 _aManring, Teresa.
_eauthor.
_958795
942 _2ddc
_cPER
999 _c20806
_d20806